000 00985nas a2200301 4500
001 BR2013009543
003 BR-BrBNA
005 20231205123301.0
007 ta
008 230509b bl.|||p| |||| 00| 00por d
040 _aBR-BrBNA
_bpor
_cBiblioteca Nacional de Agricultura
041 _a(En)
072 _aQ02; Q04
100 1 _aWebber, V.
100 1 _aCarvalho, S.M. de
100 1 _aOgliari, P.J.
100 1 _aHayashi, L.
100 1 _aBarreto, P.L.M.
245 1 _aOptimization of the extraction of carrageenan from Kappaphycus alvarezii using response surface methodology
650 _aEXTRAÇÃO
650 _aTECNOLOGIA DE ALIMENTO
650 _aALGA VERMELHA
650 _aANÁLISE QUÍMICA
773 0 _tCiência e Tecnologia de Alimentos (Brazil)
_xISSN 1678-457X
_g(Oct-Dec 2012), v. 32(4) p. 812-818
_wBR2013009543
856 4 0 _uhttp://www.scielo.br/pdf/cta/v32n4/aop_cta_5680.pdf
909 _a202311
_bLúcia
_c55
_dLúcia Elande
942 _2AGRIS
_n0
_cANA
999 _c233105
_d233105